000 00498nam a2200181Ia 4500
008 230711s9999||||xx |||||||||||||| ||und||
020 _a978-1-107-12248-2
041 _aENG
082 _a6.3
_bCH-S
100 _aChoudhury,Balamati
245 0 _aSoft Computing in Electromagnetics : Methods and Applications
250 _a21st Ed.
260 _c2015
_aNew Delhi
_bCambridge University Press
300 _a215p.
650 _aElectronics Engineering
700 _aMohna Jha,Rakesh
942 _cBK
999 _c6605
_d6605